Stacje SKM w Małym Trójmieście Kaszubskim - Statystyki

Ogólne statystyki
  • Ten quiz został rozwiązany 72 razy
  • Średni wynik to 6 z 7
Statystyki odpowiedzi
Miasto Stacja % Poprawnych
Reda Reda
95%
Rumia Rumia
95%
Wejherowo Wejherowo
95%
Rumia Rumia Janowo
91%
Wejherowo Wejherowo Śmiechowo
91%
Wejherowo Wejherowo Nanice
79%
Reda Reda Pieleszewo
73%
Nie znaleziono quizów pasujących do podanych kryteriów
Rozkład punktacji
Procent ludzi z każdym wynikiem
Percentyl według liczby udzielonych odpowiedzi
Twoja historia wyników
Nie rozwiązałeś tego quizu